[Event "Montreal Mercredi 02"]
[Site "Montreal"]
[Date "2012.03.07"]
[Round "3"]
[White "Millette, Sylvain"]
[Black "Berthiaume, Yves"]
[Result "1/2-1/2"]
[WhiteElo "1533"]
[BlackElo "1456"]
[PlyCount "99"]
[EventDate "2012.02.22"]
[EventType "swiss"]
[EventRounds "5"]
[EventCountry "CAN"]
[SourceTitle "EXT 2022"]
[Source "ChessBase"]
[SourceDate "2021.10.06"]
[SourceVersion "1"]
[SourceVersionDate "2021.10.06"]
[SourceQuality "1"]

1. Nf3 Nf6 2. g3 d5 3. Bg2 c6 4. 0-0 Bf5 5. d3 e6 6. Nbd2 Be7 7. Re1 0-0 8. b3 Nbd7 9. Bb2 Bb4 10. a3 Ba5 11. b4 Bc7 12. c4 a5 13. e4 dxe4 14. Nxe4 Nxe4 15. dxe4 Bg4 16. Qd4 e5 17. Qc3 Qf6 18. Rad1 Nb6 19. Rd3 Na4 20. Qc2 Nxb2 21. Qxb2 axb4 22. axb4 Rfd8 23. Red1 Bxf3 24. Bxf3 Rxd3 25. Rxd3 Rd8 26. Qc2 Rxd3 27. Qxd3 Qd8 28. Qxd8+ Bxd8 29. Bg4 Be7 30. c5 Kf8 31. Bc8 b6 32. cxb6 Bxb4 33. Bd7 Bc5 34. b7 Ba7 35. Bxc6 Ke7 36. Kf1 Kd6 37. Bd5 f6 38. Ke2 Kc7 39. f4 Bg1 40. h3 Bd4 41. Kd3 h6 42. fxe5 Bxe5 43. g4 Kb6 44. h4 Kc7 45. Ke3 g5 46. h5 Kb6 47. Kd3 Kc5 48. Be6 Bc7 49. Bf5 Be5 50. Bc8 1/2-1/2

[Event "Montreal Mercredi 02"]
[Site "Montreal"]
[Date "2008.02.27"]
[Round "2"]
[White "Berthiaume, Yves"]
[Black "Dardoura, Khaled"]
[Result "0-1"]
[WhiteElo "1337"]
[BlackElo "1401"]
[PlyCount "118"]
[EventDate "2008.02.20"]
[EventType "tourn"]
[EventRounds "5"]
[EventCountry "CAN"]
[SourceTitle "EXT 2011"]
[Source "ChessBase"]
[SourceDate "2010.11.26"]
[SourceVersion "1"]
[SourceVersionDate "2010.11.26"]
[SourceQuality "1"]

1. e4 e6 2. d4 d5 3. e5 c5 4. c3 Qb6 5. Nf3 Nc6 6. Bd3 Nh6 7. 0-0 Nf5 8. Bxf5 exf5 9. Re1 Be6 10. a4 a5 11. Na3 cxd4 12. cxd4 Bb4 13. Re2 Na7 14. Bd2 0-0 15. Bxb4 axb4 16. Qb3 Rfc8 17. Rc2 Rxc2 18. Nxc2 Nc6 19. h3 Rc8 20. Rd1 h6 21. Na3 Na5 22. Qd3 bxa3 23. bxa3 Qb3 24. Qxb3 Nxb3 25. Rb1 Rc1+ 26. Rxc1 Nxc1 27. Kf1 Bd7 28. Ke1 Bxa4 29. Kd2 Na2 30. Ne1 Kf8 31. Nd3 b6 32. f4 Ke7 33. h4 Kd7 34. Nf2 Kc6 35. g4 fxg4 36. Nxg4 Kb5 37. Ne3 Kc6 38. Nf5 Bb3 39. Nd6 f6 40. Ne8 fxe5 41. fxe5 g5 42. hxg5 hxg5 43. Nf6 b5 44. Ng8 Kd7 45. Nf6+ Ke6 46. Ng4 Ba4 47. Ne3 b4 48. axb4 Nxb4 49. Ng4 Nc6 50. Ke3 Bd1 51. Nf2 Bh5 52. Nh3 Kf5 53. e6 Ne7 54. Ng1 Kxe6 55. Nh3 Kf5 56. Ng1 Bg4 57. Nf3 Bxf3 58. Kxf3 g4+ 59. Ke3 Nc6 0-1

[Event "Montreal Mercredi 02"]
[Site "Montreal"]
[Date "2008.02.20"]
[Round "1"]
[White "Bolduc, Rene"]
[Black "Berthiaume, Yves"]
[Result "0-1"]
[WhiteElo "1444"]
[BlackElo "1337"]
[PlyCount "94"]
[EventDate "2008.02.20"]
[EventType "tourn"]
[EventRounds "5"]
[EventCountry "CAN"]
[SourceTitle "EXT 2011"]
[Source "ChessBase"]
[SourceDate "2010.11.26"]
[SourceVersion "1"]
[SourceVersionDate "2010.11.26"]
[SourceQuality "1"]

1. d4 d5 2. c4 c6 3. Nc3 Nf6 4. Bd2 dxc4 5. e3 b5 6. Nf3 Bf5 7. Be2 e6 8. 0-0 Bd6 9. Ne5 Qc7 10. f4 Nbd7 11. Bf3 Nd5 12. e4 Nxc3 13. bxc3 Bg6 14. Nxc6 Qxc6 15. f5 Rd8 16. e5 Qb6 17. exd6 Bxf5 18. Bg4 Bd3 19. Bg5 Bxf1 20. Qxf1 0-0 21. Be7 Ne5 22. Qf4 Ng6 23. Qg3 Rd7 24. h4 Nxe7 25. dxe7 Rxe7 26. Rf1 Rd7 27. Kh1 Qd6 28. Qf3 Qe7 29. g3 Qd6 30. Kh2 Qa3 31. Kh3 Qd6 32. Qe3 b4 33. cxb4 Qxd4 34. Qg5 Qd3 35. Rd1 Qe4 36. Bf3 Qxf3 37. Rxd7 Qa3 38. Rd8 Qxb4 39. h5 h6 40. Rxf8+ Qxf8 41. Qe5 Qc8 42. Qc3 Qc6 43. Kh4 Qd5 44. Qb4 Qd4+ 45. Kh3 Qd5 46. Qb8+ Kh7 47. Qb1+ Qf5+ 0-1